Responses for Show #887 - Tuesday, June 14, 1988

Stephen Lebowitz game 3.

Contestants

[<< previous game]

Charles McBride, a front office manager from Scottsdale, Arizona

Keith Richards, an operations manager originally from Wheeling, West Virginia

Stephen Lebowitz, a physician from Los Angeles, California (whose 2-day cash winnings total $32,600)

[next game >>]

Jeopardy! Round responses

1978
MUSEUMS
MUSICAL METALS
INVERTEBRATES
CHILDREN'S LITERATURE
"G" WHIZ!
    $100 13
Edgar Bergen

Stephen
    $100 14
Divine

Keith
    $100 7
Iron

Stephen
    $100 1
earthworms

Charles
    $100 21
(Alex: "Someone's sleeping in my bed...")

"Goldilocks and the Three Bears"

Triple Stumper
    $100 2
Grey

Charles
    $200 23
the Beetle

Stephen
    $200 18
(Charles: What is Cairo?)

Alexandria

StephenCharles
    $200 9
platinum

Keith
    $200 6
millipedes

Keith
    $200 22
science fiction

Keith
    $200 3
Guest

Stephen
    $300 24
Heaven Can Wait

Keith
    $300 19
Frederick's of Hollywood

Stephen
    $300 10
Tin Man

Stephen
    $300 8
shell

Keith
    $300 28
Incredible

Charles
    $300 4
Guernsey

Charles
    $400 25
Pete Rose

Stephen
    $400 20
Brigham Young

Charles
    $800 12
(Alex: The song was "Night Moves".)

The Silver Bullet Band

Keith
    $400 11
move (swim)

Keith
    $400 29
(Stephen: What was Christopher Robin?)

Edward Bear

Stephen
Triple Stumper
    $400 5
gum

Stephen
    $500 27
astronaut

Keith
    $500 26
the Louisiana Purchase

Keith
    $500 16
"Heart of Gold"

Keith
    $500 15
army ants

Keith
    $500 30
rooster (cock)

Stephen
    $500 17
gregarious

Stephen

Scores at the first commercial break (after clue 12):

Stephen Keith Charles
$1,000 $1,900 $500

Scores at the end of the Jeopardy! Round:

Stephen Keith Charles
$2,800 $4,500 $1,000

Double Jeopardy! Round responses

AMERICAN WOMEN
(Alex: There's a good one!)
AWARDS
ANCIENT WORLDS
POLAND
NAME CHANGES
SHAKESPEAREAN LAST LINES
(Alex: These are not the last lines of plays, these will be the last lines spoken by a particular character.)
    $200 6
(Charles: Who was Helen Gurley Brown?)

Gloria Steinem

KeithCharles
    $200 11
(Keith: What is Italy?)

Vatican City

Keith
Triple Stumper
    $200 16
the flame (fire)

Keith
    $200 18
Solidarity

Stephen
    $200 1
Skitch

Keith
    $200 26
Richard III

Keith
    $400 7
Margaret Mead

Stephen
    $400 12
Bob Hope

Keith
    $400 17
26

Stephen
    $400 19
agriculture (farming)

Keith
    $400 2
Simone Signoret

Charles
    $400 27
Romeo

Keith
    $2,000 8
Susan B. Anthony

Stephen
    $600 13
The Beach Boys

Triple Stumper
    $600 23
mask

Stephen
    $600 20
the Baltic Sea

Keith
    $600 3
Jane Darwell

Triple Stumper
    $600 28
Juliet

Charles
    $800 9
Emily Dickinson

Stephen
    $1,000 14
(Alex: Live action was the third.)

animation & documentary

Keith
    $800 24
Babylon

Stephen
    $800 21
1 zloty

Keith
    $800 4
Chad Everett

Charles
    $800 29
(Stephen: Who was Ophelia?)

Gertrude (his mother)

StephenCharles
    $1000 10
Harriet Tubman

Charles
    $1000 15
Economics

Triple Stumper
    $1000 25
(Alex: We have a minute to go in the round.)

Iraq

Stephen
    $1000 22
Prussia

Triple Stumper
    $1000 5
Herbert Lom

Keith
    $1000 30
Othello

Stephen

Scores at the end of the Double Jeopardy! Round:

Stephen Keith Charles
$9,200 $9,700 $4,400

[wagering suggestions for these scores]

Final Jeopardy! Round responses

THE OLYMPICS
(Alex: [*], twice, and [**], once in 1904.)
...
(Alex: Keith, you gave me the two cities instead of the states.)
CharlesWhat are California & Missouri?
$3,600
StephenWhat is California and Missouri
$9,000
KeithWhat are Los Angeles & St. Louis?
$850
California & Missouri

Final scores:

Stephen Keith Charles
$18,200 $8,850 $8,000
3-day champion: $50,800 2nd place: Trip to Maui, Hawaii 3rd place: Oki Telecom mobile cellular telephone

Game dynamics:

Coryat scores:

Stephen Keith Charles
$7,800 $9,100 $4,400
20 R
(including 1 DD),
2 W
23 R
(including 2 DDs),
1 W
10 R,
2 W

Combined Coryat: $21,300

[game clues] [game scores] [suggest correction]

Game tape date: 1988-03-14
The J! Archive is created by fans, for fans. Scraping, republication, monetization, and malicious use prohibited; this site may use cookies and collect identifying information. See terms. The Jeopardy! game show and all elements thereof, including but not limited to copyright and trademark thereto, are the property of Jeopardy Productions, Inc. and are protected under law. This website is not affiliated with, sponsored by, or operated by Jeopardy Productions, Inc. Join the discussion at JBoard.tv.